Interventions against child abuse and violence against women (Record no. 182157)

MARC details
000 -LEADER
fixed length control field 00378nmm a2200121Ia 4500
245 #0 - TITLE STATEMENT
Title Interventions against child abuse and violence against women
260 ## - PUBLICATION, DISTRIBUTION, ETC. (IMPRINT)
Place of publication Verlag Barbara Budrich
Year of publication 2019
650 ## - SUBJECT ADDED ENTRY--TOPICAL TERM
Topical Term Film Studies
856 ## - ELECTRONIC LOCATION AND ACCESS
Uniform Resource Identifier https://www.jstor.org/stable/10.2307/j.ctvr7fcsw
942 ## - ADDED ENTRY ELEMENTS (KOHA)
Koha item type
Holdings
Withdrawn status Lost status Damaged status Not for loan Permanent Location Current Location Date acquired Price effective from Koha item type
        Library and Documentation Division NCERT Library and Documentation Division NCERT 11/19/2024 11/19/2024